LDR 01262nam a2200289 i 4500 001 000000164219 003 CaOOAMICUS 005 20260423120154.0 008 070906s1983 sp u000 u spa u 013 $a141586 020 $a84-7057-334-9 040 $aSeMil$bita 100 1 $aAlonso Schökel, Luis,$c
.$0(OLS)http://semarc/name/1443 245 10$aJob :$bcomentario teologico y literario /$cL. Alonso Schokel, J. L. Sicre Diaz. 300 $a634 p. ;$c25 cm 490 0 $aNueva Biblia Española : comentario teológico y literario ;$v. 650 4$aBibbia. Antico Testamento. Giobbe - Commentari, studi, critica, interpretazioni.$0(OLS)http://semarc/subject/182 700 1 $aSicre Diaz, José Louis,$d<1940- >.$0(OLS)http://semarc/name/115490 830 0$aNueva Biblia española.$0(OLS)http://semarc/title/24177 850 $aSeMil 852 $aSeMil$W1$xVenegono$y1$m2Z IV 150$j270785$B115499$CSeMilBibl$Z2$F126976 $81 900 1 $aSicre, José Luis. 961 $aOmaggio: Tremolada don Pierantonio 996 $6020$a84-7057-334-9$9(OLS)http://semarc/number/150463 996 $6245$aJob :$bcomentario teologico y literario$9(OLS)http://semarc/title/459350